<?xml version="1.0" encoding="UTF-8"?>
<marc:record xmlns:marc="http://www.loc.gov/MARC21/slim">
   <marc:leader>00000nam a2200000 a 4500</marc:leader>
   <marc:datafield ind1="1" ind2=" " tag="100">
      <marc:subfield code="a">Wünsche, Christiane</marc:subfield>
      <marc:subfield code="4">aut</marc:subfield>
      <marc:subfield code="e">Verfasser/-in</marc:subfield>
   </marc:datafield>
   <marc:datafield ind1="0" ind2="0" tag="245">
      <marc:subfield code="a">Heldinnen werden wir dennoch sein</marc:subfield>
   </marc:datafield>
   <marc:datafield ind1="0" ind2="0" tag="245">
      <marc:subfield code="c">Wünsche, Christiane</marc:subfield>
   </marc:datafield>
   <marc:datafield ind1=" " ind2="1" tag="264">
      <marc:subfield code="a">Frankfurt am Main</marc:subfield>
      <marc:subfield code="b">FISCHER Krüger</marc:subfield>
      <marc:subfield code="c">2021</marc:subfield>
   </marc:datafield>
   <marc:datafield ind1=" " ind2=" " tag="250">
      <marc:subfield code="a">1. Auflage</marc:subfield>
   </marc:datafield>
   <marc:datafield ind1="1" ind2=" " tag="520">
      <marc:subfield code="a">Heldinnen werden wir dennoch sein Wünsche, Heldinnen werden wir dennoch sein / von Christiane Wünsche &#xD;
&#xD;
Christiane Wünsche, Autorin des Bestsellers »Aber Töchter sind wir für immer«, erzählt in ihrem neuen Roman, was Freundschaft für uns bedeutet und davon, wie einmal getroffenen Entscheidungen unser ganzes Leben beeinflussen.&#xD;
»Mein Zuhause – das seid ihr.« Susanne, Helma, Ellie, Ute, Marie: fünf Freundinnen, die seit ihrer Jugend eng verbunden sind – und ein Freund von damals, dessen plötzlicher Tod sie dazu bringt, nachzudenken: Über ihr Leben, ihre Entscheidungen, über Loyalität und ihre Erinnerungen, die ihre ganz eigenen Geschichten schreiben. Lange haben die Frauen nicht an Frankie gedacht und an den einen Abend, an dem er damals plötzlich verschwand. Doch jetzt ist es an der Zeit sich der Vergangenheit zu stellen. &#xD;
»Die Träume unserer Jugend geistern auch dann noch durch unsere Köpfe, wenn wir längst erwachsen sind – genauso wie die Entscheidungen, die wir einst getroffen und die Wege, die wir damals eingeschlagen haben, uns ein Leben lang begleiten …«</marc:subfield>
   </marc:datafield>
   <marc:datafield ind1=" " ind2=" " tag="020">
      <marc:subfield code="a">9783810500533</marc:subfield>
      <marc:subfield code="9">9783810500533</marc:subfield>
   </marc:datafield>
   <marc:datafield ind1=" " ind2=" " tag="020">
      <marc:subfield code="a">3810500534</marc:subfield>
      <marc:subfield code="9">3810500534</marc:subfield>
   </marc:datafield>
   <marc:datafield ind1=" " ind2=" " tag="041">
      <marc:subfield code="a">ger</marc:subfield>
   </marc:datafield>
   <marc:datafield ind1=" " ind2=" " tag="300">
      <marc:subfield code="b">1 s/w-Abbildung</marc:subfield>
   </marc:datafield>
   <marc:datafield ind1=" " ind2=" " tag="338">
      <marc:subfield code="a">Band</marc:subfield>
   </marc:datafield>
   <marc:datafield ind1=" " ind2=" " tag="300">
      <marc:subfield code="a">447 Seiten</marc:subfield>
   </marc:datafield>
</marc:record>
